[Event "Fredericia IM 2019"]
[Site "Fredericia"]
[Date "2019.05.31"]
[Round "5.5"]
[White "Antonsen, Mikkel"]
[Black "Ahlander, Bjorn"]
[Result "1/2-1/2"]
[WhiteElo "2423"]
[BlackElo "2421"]
[Annotator "ChessBase"]
[PlyCount "27"]
[EventDate "2019.05.29"]
[EventType "tourn"]
[EventCountry "DEN"]
[SourceTitle "playchess.com"]
[Source "ChessBase"]
[SourceQuality "1"]
[TimeControl "40/5400+30:1800+30"]

1. d4 {[%emt 0:00:00]} Nf6 {[%emt 0:00:00]} 2. c4 {[%emt 0:00:03]} e6 {[%emt 0:00:00]} 3. Nf3 {[%emt 0:00:58]} d5 {[%emt 0:00:03]} 4. g3 {[%emt 0:00:04]} Bb4+ {[%emt 0:00:38]} 5. Bd2 {[%emt 0:00:06]} Be7 {[%emt 0:00:07]} 6. Bg2 {[%emt 0:00:04]} O-O {[%emt 0:00:12]} 7. O-O {[%emt 0:00:11]} Nbd7 {[%emt 0:00:16]} 8. Qc2 {[%emt 0:00:33]} c6 {[%emt 0:00:09]} 9. Rd1 {[%emt 0:00:12]} b6 {[%emt 0:00:25]} 10. Bf4 {[%emt 0:00:17]} Nh5 {[%emt 0:01:53]} 11. Be3 {[%emt 0:03:01]} Nhf6 {[%emt 0:00:18]} 12. Bf4 {[%emt 0:00:35]} Nh5 {[%emt 0:00:07]} 13. Be3 {[%emt 0:00:03]} Nhf6 {[%emt 0:00:06]} 14. Bf4 {[%emt 0:00:44]} 1/2-1/2

[Event "Fredericia IM 2019"]
[Site "Fredericia"]
[Date "2019.06.01"]
[Round "6.1"]
[White "Vasli, Aref"]
[Black "Antonsen, Mikkel"]
[Result "1/2-1/2"]
[WhiteElo "2346"]
[BlackElo "2423"]
[Annotator "ChessBase"]
[PlyCount "44"]
[EventDate "2019.05.29"]
[EventType "tourn"]
[EventCountry "DEN"]
[SourceTitle "playchess.com"]
[Source "ChessBase"]
[SourceQuality "1"]
[TimeControl "40/5400+30:1800+30"]

1. e4 c5 {[%emt 0:00:00]} 2. Nf3 {[%emt 0:00:00]} Nc6 {[%emt 0:00:00]} 3. d4 {[%emt 0:00:00]} cxd4 {[%emt 0:00:00]} 4. Nxd4 {[%emt 0:00:04]} Nf6 {[%emt 0:00:01]} 5. Nc3 {[%emt 0:00:12]} e5 {[%emt 0:00:06]} 6. Ndb5 {[%emt 0:00:05]} d6 {[%emt 0:00:04]} 7. a4 {[%emt 0:00:07]} a6 {[%emt 0:01:35]} 8. Na3 {[%emt 0:00:08]} Bg4 {[%emt 0:00:04]} 9. Qd3 {[%emt 0:00:09]} Be6 {[%emt 0:04:20]} 10. Bg5 {[%emt 0:00:31]} Be7 {[%emt 0:00:08]} 11. Bxf6 {[%emt 0:00:16]} Bxf6 {[%emt 0:00:03]} 12. Nd5 {[%emt 0:00:12]} Bg5 {[%emt 0:00:16]} 13. Nc4 {[%emt 0:07:39]} O-O {[%emt 0:01:43]} 14. a5 {[%emt 0:05:45]} f5 {[%emt 0:23:31]} 15. c3 {[%emt 0:22:15]} fxe4 {[%emt 0:04:18]} 16. Qxe4 {[%emt 0:02:02]} Bf5 {[%emt 0:02:03]} 17. Qf3 {[%emt 0:03:08]} Kh8 {[%emt 0:04:13]} 18. Ncb6 {[%emt 0:03:49]} Rb8 {[%emt 0:01:10]} 19. Be2 {[%emt 0:01:05]} e4 {[%emt 0:01:34]} 20. Qg3 {[%emt 0:00:20]} Bh4 {[%emt 0:02:18]} 21. Qe3 {[%emt 0:00:16]} Bg5 {[%emt 0:00:14]} 22. Qg3 {[%emt 0:00:18]} Bh4 {[%emt 0:07:20]} 1/2-1/2

[Event "Fredericia IM 2019"]
[Site "Fredericia"]
[Date "2019.06.01"]
[Round "6.2"]
[White "Fries-Nielsen, Niels Jorgen"]
[Black "Sorensen, Hampus"]
[Result "1/2-1/2"]
[WhiteElo "2328"]
[BlackElo "2343"]
[Annotator "ChessBase"]
[PlyCount "52"]
[EventDate "2019.05.29"]
[EventType "tourn"]
[EventCountry "DEN"]
[SourceTitle "playchess.com"]
[Source "ChessBase"]
[SourceQuality "1"]
[TimeControl "40/5400+30:1800+30"]

1. e4 {[%emt 0:01:50]} e5 {[%emt 0:00:11]} 2. Nc3 {[%emt 0:00:41]} Nf6 {[%emt 0:00:48]} 3. d3 {[%emt 0:12:25]} Bc5 {[%emt 0:15:55]} 4. h3 {[%emt 0:10:09]} Nc6 {[%emt 0:03:09]} 5. Nf3 {[%emt 0:01:22]} d6 {[%emt 0:04:44]} 6. Na4 {[%emt 0:04:29]} Bb6 {[%emt 0:00:37]} 7. Nxb6 {[%emt 0:01:08]} axb6 {[%emt 0:00:03]} 8. c4 {[%emt 0:03:59]} Ne7 {[%emt 0:04:18]} 9. g3 {[%emt 0:02:57]} c5 {[%emt 0:01:57]} 10. Bg2 {[%emt 0:01:19]} O-O {[%emt 0:02:20]} 11. O-O {[%emt 0:01:12]} Ng6 {[%emt 0:07:10]} 12. Bg5 {[%emt 0:06:34]} h6 {[%emt 0:00:55]} 13. Bd2 {[%emt 0:00:02]} Ne8 {[%emt 0:01:06]} 14. Nh2 {[%emt 0:04:50]} Nc7 {[%emt 0:08:22]} 15. a4 {[%emt 0:05:05]} Rb8 {[%emt 0:01:50]} 16. Qh5 {[%emt 0:03:10]} Qe8 {[%emt 0:04:12]} 17. f4 {[%emt 0:04:27]} exf4 {[%emt 0:02:31]} 18. gxf4 {[%emt 0:00:32]} f5 {[%emt 0:01:28]} 19. Rae1 {[%emt 0:00:52]} Qf7 {[%emt 0:03:52]} 20. e5 {[%emt 0:02:16]} dxe5 {[%emt 0:05:26]} 21. fxe5 {[%emt 0:00:41]} Be6 {[%emt 0:01:02]} 22. Rf3 {[%emt 0:07:32]} Ne7 {[%emt 0:04:55]} 23. Qh4 {[%emt 0:00:53]} Ng6 {[%emt 0:01:27]} 24. Qh5 {[%emt 0:00:05]} Ne7 {[%emt 0:04:31]} 25. Qh4 {[%emt 0:00:02]} Ng6 {[%emt 0:06:20]} 26. Qh5 {[%emt 0:00:05]} Ne7 {[%emt 0:00:46]} 1/2-1/2

[Event "Fredericia IM 2019"]
[Site "Fredericia"]
[Date "2019.06.01"]
[Round "6.3"]
[White "Jacobsen, Mikkel Manosri"]
[Black "Ahlander, Bjorn"]
[Result "0-1"]
[WhiteElo "2319"]
[BlackElo "2421"]
[Annotator "ChessBase"]
[PlyCount "60"]
[EventDate "2019.05.29"]
[EventType "tourn"]
[EventCountry "DEN"]
[SourceTitle "playchess.com"]
[Source "ChessBase"]
[SourceQuality "1"]
[TimeControl "40/5400+30:1800+30"]

1. Nf3 {[%emt 0:00:00]} d5 {[%emt 0:00:00]} 2. b3 {[%emt 0:00:00]} c5 {[%emt 0:00:34]} 3. e3 {[%emt 0:00:00]} e6 {[%emt 0:02:21]} 4. Bb2 {[%emt 0:00:00]} Nf6 {[%emt 0:01:12]} 5. d4 {[%emt 0:02:24]} Be7 {[%emt 0:02:03]} 6. Bd3 {[%emt 0:00:15]} O-O {[%emt 0:00:57]} 7. O-O {[%emt 0:00:13]} b6 {[%emt 0:02:42]} 8. c4 {[%emt 0:01:39]} cxd4 {[%emt 0:00:57]} 9. exd4 {[%emt 0:00:06]} Bb7 {[%emt 0:00:43]} 10. Nbd2 {[%emt 0:00:05]} Nc6 {[%emt 0:00:23]} 11. Qe2 {[%emt 0:00:08]} Rc8 {[%emt 0:01:32]} 12. Rad1 {[%emt 0:00:12]} Qc7 {[%emt 0:06:01]} 13. Ne5 {[%emt 0:05:57]} dxc4 {[%emt 0:03:13]} 14. bxc4 {[%emt 0:00:16]} Nxe5 {[%emt 0:02:23]} 15. dxe5 {[%emt 0:00:09]} Nd7 {[%emt 0:00:14]} 16. f4 {[%emt 0:09:54]} Nc5 {[%emt 0:02:42]} 17. Bc2 {[%emt 0:01:27]} g6 {[%emt 0:00:52]} 18. Kh1 {[%emt 0:05:03]} Rcd8 {[%emt 0:07:14]} 19. Ba1 {[%emt 0:06:33]} Rd7 {[%emt 0:07:47]} 20. f5 {[%emt 0:10:51]} exf5 {[%emt 0:01:42]} 21. Bxf5 {[%emt 0:00:41]} gxf5 {[%emt 0:05:09]} 22. Rxf5 {[%emt 0:04:10]} Ne6 {[%emt 0:00:08]} 23. Rdf1 {[%emt 0:14:09]} Rxd2 {[%emt 0:03:34]} 24. Qxd2 {[%emt 0:00:10]} Qxc4 {[%emt 0:00:12]} 25. Qf2 {[%emt 0:05:16]} Bh4 {[%emt 0:03:38]} 26. Qb2 {[%emt 0:01:28]} Qg4 {[%emt 0:03:35]} 27. Kg1 {[%emt 0:00:50]} Be7 {[%emt 0:04:18]} 28. h3 {[%emt 0:00:49]} Qg3 {[%emt 0:01:49]} 29. Rh5 {[%emt 0:00:08]} Be4 {[%emt 0:05:38]} 30. Qe2 {[%emt 0:01:37]} Qg6 {[%emt 0:05:48]} 0-1

[Event "Fredericia IM 2019"]
[Site "Fredericia"]
[Date "2019.06.01"]
[Round "6.4"]
[White "Pedersen, Nicolai Kvist Brondt"]
[Black "Easwaralingam, Adesh"]
[Result "0-1"]
[WhiteElo "2325"]
[BlackElo "2123"]
[Annotator "ChessBase"]
[PlyCount "102"]
[EventDate "2019.05.29"]
[EventType "tourn"]
[EventCountry "DEN"]
[SourceTitle "playchess.com"]
[Source "ChessBase"]
[SourceQuality "1"]
[TimeControl "40/5400+30:1800+30"]

1. d4 {[%emt 0:00:00]} Nf6 {[%emt 0:00:00]} 2. Nf3 {[%emt 0:00:00]} e6 {[%emt 0:00:18]} 3. c4 {[%emt 0:00:00]} Bb4+ {[%emt 0:00:47]} 4. Nbd2 {[%emt 0:00:00]} b6 {[%emt 0:00:13]} 5. a3 {[%emt 0:00:38]} Bxd2+ {[%emt 0:00:17]} 6. Qxd2 {[%emt 0:00:33]} Ba6 {[%emt 0:01:10]} 7. e3 {[%emt 0:01:34]} d5 {[%emt 0:02:09]} 8. b3 {[%emt 0:02:25]} Nbd7 {[%emt 0:01:00]} 9. Bd3 {[%emt 0:06:22]} dxc4 {[%emt 0:01:31]} 10. bxc4 {[%emt 0:01:09]} Bb7 {[%emt 0:02:04]} 11. Qe2 {[%emt 0:10:24]} c5 {[%emt 0:07:24]} 12. O-O {[%emt 0:03:06]} O-O {[%emt 0:03:26]} 13. Bb2 {[%emt 0:03:35]} cxd4 {[%emt 0:04:39]} 14. exd4 {[%emt 0:02:58]} Re8 {[%emt 0:08:22]} 15. Rfd1 {[%emt 0:04:13]} Nf8 {[%emt 0:01:24]} 16. Ne5 {[%emt 0:06:22]} Ng6 {[%emt 0:00:36]} 17. Nxg6 {[%emt 0:10:28]} hxg6 {[%emt 0:01:14]} 18. a4 {[%emt 0:02:57]} Qc7 {[%emt 0:05:08]} 19. a5 {[%emt 0:01:57]} bxa5 {[%emt 0:06:57]} 20. Qe5 {[%emt 0:07:05]} Qc6 {[%emt 0:06:52]} 21. f3 {[%emt 0:01:22]} a4 {[%emt 0:01:04]} 22. Bc3 {[%emt 0:06:33]} Nd5 {[%emt 0:07:34]} 23. Bb2 {[%emt 0:05:57]} Nf6 {[%emt 0:02:20]} 24. Rdb1 {[%emt 0:03:30]} Nd7 {[%emt 0:14:08]} 25. Qa5 {[%emt 0:04:41]} e5 {[%emt 0:06:05]} 26. dxe5 {[%emt 0:03:13]} Qb6+ {[%emt 0:06:13]} 27. Qxb6 {[%emt 0:00:01]} axb6 {[%emt 0:00:05]} 28. f4 {[%emt 0:02:05]} Nc5 {[%emt 0:00:27]} 29. Bc2 {[%emt 0:00:50]} Red8 {[%emt 0:01:12]} 30. Bc3 {[%emt 0:02:25]} Be4 {[%emt 0:01:24]} 31. Bxe4 {[%emt 0:00:36]} Nxe4 {[%emt 0:00:03]} 32. Be1 {[%emt 0:00:18]} Ra6 {[%emt 0:04:59]} 33. Ra3 {[%emt 0:03:23]} Rd4 {[%emt 0:01:29]} 34. Rb4 {[%emt 0:01:20]} Nc5 {[%emt 0:00:04]} 35. Kf1 {[%emt 0:04:31]} Rxf4+ {[%emt 0:01:10]} 36. Ke2 {[%emt 0:00:01]} Re4+ {[%emt 0:00:35]} 37. Kd1 {[%emt 0:00:01]} Rxe5 {[%emt 0:02:28]} 38. Bf2 {[%emt 0:00:32]} Ra8 {[%emt 0:01:00]} 39. Bxc5 {[%emt 0:01:43]} bxc5 {[%emt 0:00:28]} 40. Rbxa4 {[%emt 0:00:31]} Rd8+ {[%emt 0:00:05]} 41. Kc2 {[%emt 0:06:04]} Re2+ {[%emt 0:01:56]} 42. Kc3 {[%emt 0:00:53]} Rxg2 {[%emt 0:04:08]} 43. Ra8 {[%emt 0:01:36]} Rf8 {[%emt 0:01:55]} 44. Ra2 {[%emt 0:05:50]} Rg5 {[%emt 0:01:02]} 45. Kd3 {[%emt 0:01:41]} Re5 {[%emt 0:00:33]} 46. R2a6 {[%emt 0:03:35]} g5 {[%emt 0:01:10]} 47. R8a7 {[%emt 0:02:03]} Rd8+ {[%emt 0:01:39]} 48. Kc2 {[%emt 0:00:31]} Re2+ {[%emt 0:00:30]} 49. Kb3 {[%emt 0:00:16]} Rd3+ {[%emt 0:02:47]} 50. Ka4 {[%emt 0:00:05]} Rb2 {[%emt 0:00:41]} 51. Ra5 {[%emt 0:01:41]} Rb4# {[%emt 0:00:07]} 0-1

[Event "Fredericia IM 2019"]
[Site "Fredericia"]
[Date "2019.06.01"]
[Round "6.5"]
[White "Devereaux, Maxim L"]
[Black "Olsen, Filip Boe"]
[Result "1/2-1/2"]
[WhiteElo "2342"]
[BlackElo "2394"]
[Annotator "ChessBase"]
[PlyCount "134"]
[EventDate "2019.05.29"]
[EventType "tourn"]
[EventCountry "DEN"]
[SourceTitle "playchess.com"]
[Source "ChessBase"]
[SourceQuality "1"]
[TimeControl "40/5400+30:1800+30"]

1. e4 {[%emt 0:00:00]} c5 {[%emt 0:00:00]} 2. Nf3 {[%emt 0:00:00]} d6 {[%emt 0:00:00]} 3. d4 {[%emt 0:00:25]} cxd4 {[%emt 0:00:02]} 4. Nxd4 {[%emt 0:01:27]} Nf6 {[%emt 0:00:14]} 5. Nc3 {[%emt 0:00:07]} a6 {[%emt 0:00:06]} 6. Be2 {[%emt 0:01:26]} e5 {[%emt 0:00:26]} 7. Nb3 {[%emt 0:00:06]} Be7 {[%emt 0:00:49]} 8. O-O {[%emt 0:02:37]} O-O {[%emt 0:00:52]} 9. Re1 {[%emt 0:06:10]} Be6 {[%emt 0:03:05]} 10. Bf3 {[%emt 0:00:37]} Nbd7 {[%emt 0:01:07]} 11. Nd2 {[%emt 0:02:28]} b5 {[%emt 0:03:58]} 12. a3 {[%emt 0:01:26]} Rc8 {[%emt 0:04:30]} 13. Nf1 {[%emt 0:02:06]} Nb6 {[%emt 0:01:43]} 14. Ne3 {[%emt 0:01:13]} g6 {[%emt 0:03:28]} 15. Re2 {[%emt 0:07:00]} Rc5 {[%emt 0:09:36]} 16. Bd2 {[%emt 0:05:56]} Qc8 {[%emt 0:13:12]} 17. Be1 {[%emt 0:02:43]} Rd8 {[%emt 0:05:24]} 18. Rd2 {[%emt 0:11:44]} Nc4 {[%emt 0:04:06]} 19. Nxc4 {[%emt 0:00:58]} Rxc4 {[%emt 0:00:50]} 20. Rd3 {[%emt 0:06:58]} h5 {[%emt 0:10:27]} 21. b3 {[%emt 0:22:35]} Rc5 {[%emt 0:01:27]} 22. a4 {[%emt 0:01:05]} Qb7 {[%emt 0:07:11]} 23. axb5 {[%emt 0:01:36]} axb5 {[%emt 0:00:02]} 24. Bd2 {[%emt 0:04:30]} Rdc8 {[%emt 0:01:49]} 25. Ra2 {[%emt 0:00:56]} Qc7 {[%emt 0:03:57]} 26. Qa1 {[%emt 0:00:38]} b4 {[%emt 0:03:01]} 27. Ra7 {[%emt 0:00:54]} Qd8 {[%emt 0:00:25]} 28. Nd1 {[%emt 0:00:05]} Rxc2 {[%emt 0:06:35]} 29. Bxb4 {[%emt 0:00:11]} Qb6 {[%emt 0:01:58]} 30. Qa3 {[%emt 0:07:32]} Rb8 {[%emt 0:01:43]} 31. Ra8 {[%emt 0:03:57]} Rcc8 {[%emt 0:03:32]} 32. Rxb8 {[%emt 0:00:20]} Rxb8 {[%emt 0:00:02]} 33. Bxd6 {[%emt 0:02:35]} Bxd6 {[%emt 0:01:04]} 34. Rxd6 {[%emt 0:00:29]} Qxb3 {[%emt 0:01:32]} 35. Qxb3 {[%emt 0:01:45]} Rxb3 {[%emt 0:00:16]} 36. h4 {[%emt 0:00:17]} Kg7 {[%emt 0:01:56]} 37. Kh2 {[%emt 0:01:59]} Bg4 {[%emt 0:01:21]} 38. Ne3 {[%emt 0:00:07]} Rb2 {[%emt 0:01:02]} 39. Kg3 {[%emt 0:01:51]} Be6 {[%emt 0:00:10]} 40. Ra6 {[%emt 0:00:28]} Rb4 {[%emt 0:00:24]} 41. Kh2 {[%emt 0:09:09]} Nxe4 {[%emt 0:02:15]} 42. Nc2 {[%emt 0:02:00]} Rc4 {[%emt 0:00:35]} 43. Ne3 {[%emt 0:00:20]} Rd4 {[%emt 0:00:13]} 44. Nc2 {[%emt 0:03:20]} Nc5 {[%emt 0:00:48]} 45. Nxd4 {[%emt 0:01:18]} Nxa6 {[%emt 0:00:07]} 46. Nxe6+ {[%emt 0:00:33]} fxe6 {[%emt 0:00:02]} 47. g4 {[%emt 0:00:34]} hxg4 {[%emt 0:00:35]} 48. Bxg4 {[%emt 0:00:05]} Nc5 {[%emt 0:00:11]} 49. Kg3 {[%emt 0:00:37]} Kf6 {[%emt 0:00:41]} 50. Kf3 {[%emt 0:00:53]} Nb7 {[%emt 0:01:34]} 51. Kg3 {[%emt 0:01:12]} Nd6 {[%emt 0:00:05]} 52. Bd1 {[%emt 0:00:20]} Nf5+ {[%emt 0:00:47]} 53. Kg4 {[%emt 0:00:34]} e4 {[%emt 0:00:32]} 54. Ba4 {[%emt 0:00:39]} e3 {[%emt 0:00:22]} 55. fxe3 {[%emt 0:00:11]} Nxe3+ {[%emt 0:00:01]} 56. Kf3 {[%emt 0:00:29]} Nf5 {[%emt 0:00:04]} 57. Kg4 {[%emt 0:00:08]} e5 {[%emt 0:00:23]} 58. Bc6 {[%emt 0:00:29]} Nd6 {[%emt 0:03:44]} 59. Ba8 {[%emt 0:00:27]} Nf7 {[%emt 0:00:43]} 60. Be4 {[%emt 0:02:31]} Nh6+ {[%emt 0:00:37]} 61. Kf3 {[%emt 0:00:50]} Kg7 {[%emt 0:01:07]} 62. Ba8 {[%emt 0:02:22]} Nf5 {[%emt 0:00:16]} 63. Kg4 {[%emt 0:00:11]} Kh6 {[%emt 0:00:03]} 64. h5 {[%emt 0:03:37]} Nd6 {[%emt 0:00:45]} 65. hxg6 {[%emt 0:00:08]} Kxg6 {[%emt 0:00:04]} 66. Bc6 {[%emt 0:00:12]} e4 {[%emt 0:00:03]} 67. Bxe4+ {[%emt 0:00:05]} Nxe4 {[%emt 0:00:03]} 1/2-1/2

[Event "Fredericia IM 2019"]
[Site "Fredericia"]
[Date "2019.06.01"]
[Round "7.1"]
[White "Ahlander, Bjorn"]
[Black "Vasli, Aref"]
[Result "1-0"]
[WhiteElo "2421"]
[BlackElo "2346"]
[Annotator "ChessBase"]
[PlyCount "77"]
[EventDate "2019.05.29"]
[EventType "tourn"]
[EventCountry "DEN"]
[SourceTitle "playchess.com"]
[Source "ChessBase"]
[SourceQuality "1"]
[TimeControl "40/5400+30:1800+30"]

1. d4 {[%emt 0:00:00]} Nf6 {[%emt 0:01:01]} 2. c4 {[%emt 0:00:00]} e6 {[%emt 0:00:05]} 3. Nc3 {[%emt 0:00:00]} c5 {[%emt 0:02:05]} 4. e3 {[%emt 0:00:10]} d5 {[%emt 0:00:42]} 5. Nf3 {[%emt 0:00:06]} Nc6 {[%emt 0:01:37]} 6. cxd5 {[%emt 0:00:07]} Nxd5 {[%emt 0:02:11]} 7. Bd3 {[%emt 0:00:39]} Nxc3 {[%emt 0:03:15]} 8. bxc3 {[%emt 0:00:03]} Be7 {[%emt 0:01:02]} 9. O-O {[%emt 0:04:44]} O-O {[%emt 0:00:06]} 10. Qe2 {[%emt 0:04:43]} b6 {[%emt 0:01:56]} 11. Rd1 {[%emt 0:00:30]} Qc7 {[%emt 0:00:53]} 12. Bb2 {[%emt 0:01:57]} Bb7 {[%emt 0:04:25]} 13. Rac1 {[%emt 0:00:54]} Rfd8 {[%emt 0:06:25]} 14. Bb1 {[%emt 0:02:07]} Rac8 {[%emt 0:04:05]} 15. h4 {[%emt 0:00:45]} g6 {[%emt 0:15:34]} 16. c4 {[%emt 0:11:43]} Na5 {[%emt 0:09:18]} 17. d5 {[%emt 0:20:43]} exd5 {[%emt 0:04:09]} 18. cxd5 {[%emt 0:01:34]} Rxd5 {[%emt 0:10:28]} 19. Rxd5 {[%emt 0:05:56]} Bxd5 {[%emt 0:00:07]} 20. Ng5 {[%emt 0:00:14]} h6 {[%emt 0:08:20]} 21. Nf3 {[%emt 0:12:37]} Qc6 {[%emt 0:06:03]} 22. e4 {[%emt 0:06:11]} Qe6 {[%emt 0:07:20]} 23. Ba1 {[%emt 0:05:10]} Bb7 {[%emt 0:02:04]} 24. Qe3 {[%emt 0:05:46]} Kh7 {[%emt 0:00:57]} 25. h5 {[%emt 0:00:33]} Bf6 {[%emt 0:01:16]} 26. Bxf6 {[%emt 0:04:27]} Qxf6 {[%emt 0:00:02]} 27. e5 {[%emt 0:00:21]} Qe7 {[%emt 0:01:29]} 28. Rd1 {[%emt 0:00:55]} Bxf3 {[%emt 0:01:29]} 29. Qxf3 {[%emt 0:00:25]} Rc6 {[%emt 0:04:07]} 30. Qg4 {[%emt 0:03:23]} Re6 {[%emt 0:01:07]} 31. f4 {[%emt 0:00:28]} Kg7 {[%emt 0:00:27]} 32. Bf5 {[%emt 0:01:58]} Nc4 {[%emt 0:01:12]} 33. Rd3 {[%emt 0:01:40]} Nxe5 {[%emt 0:00:39]} 34. fxe5 {[%emt 0:00:04]} Rxe5 {[%emt 0:00:16]} 35. hxg6 {[%emt 0:01:48]} h5 {[%emt 0:00:46]} 36. Qxh5 {[%emt 0:00:51]} Re1+ {[%emt 0:00:23]} 37. Kf2 {[%emt 0:00:49]} Ra1 {[%emt 0:00:37]} 38. Qh7+ {[%emt 0:00:31]} Kf6 {[%emt 0:00:01]} 39. Qh4+ {[%emt 0:00:23]} 1-0

[Event "Fredericia IM 2019"]
[Site "Fredericia"]
[Date "2019.06.01"]
[Round "7.2"]
[White "Sorensen, Hampus"]
[Black "Pedersen, Nicolai Kvist Brondt"]
[Result "1-0"]
[WhiteElo "2343"]
[BlackElo "2325"]
[Annotator "TA"]
[PlyCount "162"]
[EventDate "2019.05.29"]
[EventType "tourn"]
[EventCountry "DEN"]
[SourceTitle "playchess.com"]
[Source "ChessBase"]
[SourceQuality "1"]

{[%evp 21,162,18,29,16,17,17,69,66,69,62,55,44,85,72,72,70,82,77,70,76,116,107,107,107,107,104,145,139,147,145,144,144,145,147,146,146,150,149,149,152,145,125,172,152,193,147,185,147,132,132,151,137,162,162,180,184,177,184,207,185,185,188,195,193,185,185,178,170,171,146,266,248,216,136,136,136,136,136,166,166,166,166,166,155,561,254,511,408,1960,1761,1547,1779,2218,1958,2166,2187,1714,1689,1648,1565,1560,1547,1344,1299,5047,735,5422,462,1569,853,29948,29948,29945,29951,29951,29951,29950,29952,29951,29952,29952,29953,29953,29954,29953,29954,11535,5410,29978,29978,29983,29984,29984,0,12848,12582,29959,12831,29959,6103,6083,4133,5435]} 1. d4 d5 2. c4 c6 3. Nf3 Nf6 4. Nc3 e6 5. e3 a6 6. Bd3 dxc4 7. Bxc4 b5 8. Be2 c5 9. O-O Bb7 10. dxc5 Qxd1 11. Rxd1 Bxc5 12. Nd2 {D27: Queen's Gambit Accepted: Classical main line: 7 e4!? and 7 a4} Nbd7 13. Nb3 {[#]} Rd8 $146 (13... Bb4 $11) ({Predecessor:} 13... Bb4 14. Bd2 O-O 15. a4 bxa4 16. Nxa4 a5 17. Bxb4 axb4 18. f3 Bc6 19. Nac5 Rxa1 20. Rxa1 Nxc5 21. Nxc5 {½-½ (34) Fressinet,L (2655)-Guliyev,N (2533) Le Port Marly 2019}) 14. Nxc5 $14 {White is slightly better.} Nxc5 15. f3 Ke7 16. e4 b4 17. Rxd8 Rxd8 18. Nd1 Rc8 19. Be3 Nfd7 20. Rc1 Na4 21. Rxc8 Bxc8 22. Bd2 a5 23. a3 Kd6 24. axb4 axb4 25. Bxb4+ Kc6 26. Kf2 Ndc5 27. Ke3 e5 28. Nc3 Nxc3 29. Bxc3 $16 {[%mdl 4096] Endgame KBB-KBN} f6 30. Bb4 Be6 31. Ba3 g6 32. Bf1 Ba2 33. g3 Be6 34. Bb4 Kb6 35. Be2 Bb3 36. Kd2 Be6 37. Kc3 Na4+ 38. Kc2 Nc5 39. Bd2 Nb3 40. Be3+ Kc6 41. Kc3 Nc5 42. Kb4 Nb7 43. Bb5+ Kd6 44. Ba7 Kc7 45. Bc5 Kd8 (45... Nd6 $16) 46. Bc6 Kc7 47. Bxb7 Kxb7 $18 {KB-KB} 48. Be7 f5 49. Kc5 Bb3 {[#]} 50. Kd6 $1 fxe4 51. fxe4 Kc8 52. Kxe5 Kd7 $2 {[#]} (52... Bc2 $16 {is a better chance.} 53. Bg5 Kd7) 53. Kf6 $1 Bc2 $2 (53... g5 {keeps fighting.} 54. Bc5 (54. Kxg5 Kxe7 55. Kh6 Bc2 $16) 54... g4) 54. e5 Bd3 (54... Bb3 $142 55. Bc5 Bd5) 55. e6+ Ke8 56. Bc5 Bc4 57. Ke5 Bb3 58. Kd6 Kd8 59. Bb6+ Ke8 60. Be3 Kd8 61. Bg5+ Ke8 62. Bf6 Bc2 63. b4 Ba4 64. Bd4 (64. Bg5 $142 Kf8 65. Kc5) 64... g5 (64... Bb5 $142 65. Kc5 Ba4) 65. e7 g4 66. Bc5 Bb5 67. Kc7 Bd3 68. Kc6 Be4+ 69. Kb6 Kd7 70. b5 Bd3 71. Ba3 Be2 {[#]} 72. Bd6 $1 {[%mdl 512]} Bf1 (72... Kxd6 73. e8=Q) 73. Kc5 Bg2 74. Kd4 Ke8 75. Ke5 Kf7 76. Ba3 Ke8 77. Bd6 $2 (77. Kd6 {mates} Bf3 78. b6 Ba8 79. Kc7 h6 80. b7 Bxb7 81. Kxb7 Kd7 82. Bb4) 77... Kd7 $2 {[%mdl 8192]} (77... Kf7 $11 78. Bc5 Ke8) 78. Kf6 Bb7 79. Kg5 (79. Kf7 $142 Kxd6 80. e8=Q Kc5 81. Qe7+ Kb6 82. Qd6+ Kxb5 83. Qd7+ Kb6 84. Qxg4) 79... Ke8 80. b6 (80. Kxg4 $142 Bh1 81. Bc5 Bb7 82. Kf5 Bc8+ 83. Ke5 Bb7 84. b6 Kd7 85. Kf6) 80... Bf3 81. Kh4 Bc6 {Accuracy: White = 74%, Black = 27%.} 1-0